Azadi ke deewane/ (Record no. 3902)

000 -LEADER
fixed length control field 00377nam a22001451a 4500
082 ## - DEWEY DECIMAL CLASSIFICATION NUMBER
Classification number H 954.009 2
Item number RAJ/A
100 ## - MAIN ENTRY--AUTHOR NAME
Personal name Rajendra Kumar Tandon
245 ## - TITLE STATEMENT
Title Azadi ke deewane/
Statement of responsibility, etc by Rajendra Kumar Tandon
260 ## - PUBLICATION, DISTRIBUTION, ETC. (IMPRINT)
Place of publication Allahabad:
Name of publisher Sahithya Bhavan,
Year of publication 1998.
300 ## - PHYSICAL DESCRIPTION
Number of Pages 99p.
650 ## - SUBJECT ADDED ENTRY--TOPICAL TERM
Topical Term Biography
650 ## - SUBJECT ADDED ENTRY--TOPICAL TERM
Topical Term Biography Freedom Fighters India
650 ## - SUBJECT ADDED ENTRY--TOPICAL TERM
Topical Term History
942 ## - ADDED ENTRY ELEMENTS (KOHA)
Koha item type Book
Holdings
Withdrawn status Lost status Damaged status Not for loan Permanent Location Current Location Date acquired Cost, normal purchase price Full call number Accession Number Cost, replacement price Price effective from Koha item type
        Sree Sankaracharya University of Sanskrit Sree Sankaracharya University of Sanskrit 08.01.2015 60.00 H 954.00 92 RAJ/A 034083 0.00 08.01.2015 Book